000 01078nas a2200337 4500
001 BR2012009483
003 BR-BrBNA
005 20231205121626.0
007 ta
008 230509b bl.|||p| |||| 00| 00por d
040 _aBR-BrBNA
_bpor
_cBiblioteca Nacional de Agricultura
041 _a(En)
072 _aL40
100 1 _aMachado Júnior, A.A.N.
100 1 _aMiglino, M.A.
100 1 _aMenezes, D.J.A.
100 1 _aAssis Neto, A.C.
100 1 _aLeiser, R.
100 1 _aSilva, R.A.B.
100 1 _aCarvalho, M.A.M.
245 1 _aInfluence of the bipartite scrotum on the testicular and scrotal temperatures in goats
246 1 _aInfluence of the bipartite scrotum on the testicular and scrotal temperatures in goats
650 _aCAPRINO
650 _aANATOMIA ANIMAL
650 _aTESTÍCULO
650 _aTEMPERATURA
650 _aTERMORREGULAÇÃO
773 0 _tPesquisa Veterinária Brasileira (Brazil)
_xISSN 0100-736X
_g(Oct 2009), v. 29(10) p. 797-802
_wBR2012009483
909 _a202311
_bLúcia
_c55
_dLúcia Elande
942 _2AGRIS
_n0
_cANA
999 _c224441
_d224441